00728nam a2200193 a 450000100100000000500170001000800410002704000250006808200200009310000360011324500750014926000690022430000200029349000640031350000420037765000240041965000270044383000640047000001111120240412074223.0091014s2000 dr 001 p spa d aDO-SdBNPbspacBNPHU aRD861.44bF316b1 aBatista, León Félix,d1964-10aSe borra si es leído (poesía 1989-1999) /cLeón Félix Batista. aSanto Domingo :bSistema Nacional de Talleres Litararios,c2000. a331 p ;c29 cm.1 aSistema Nacional de Talleres Literarios ;v16aFin de siglo aIncluye datos biográficos del autor 0aPoesía dominicana 0aLiteratura dominicana. 0aSistema Nacional de Talleres Literarios ;v16pFin de siglo